| 000 | 00444nam a2200193Ia 4500 | ||
|---|---|---|---|
| 005 | 20250423100222.0 | ||
| 008 | 250422s9999 xx 000 0 und d | ||
| 020 | _a0-393-95403-X | ||
| 050 | _aHB 172 .M6/ | ||
| 100 | _aMansfield, Edwin | ||
| 245 | 0 | _aMircoeconomics | |
| 250 | _a5th ed. | ||
| 260 | _aNew York | ||
| 260 | _bW.W. Norton & Company. Inc | ||
| 260 | _c1985 | ||
| 300 | _a606 p | ||
| 650 | _aMico-Economics | ||
| 942 | _cBK | ||
| 999 |
_c32640 _d32640 |
||